000 00549nam a2200193Ia 4500
003 OSt
005 20200730120405.0
008 190216s9999||||xx |||||||||||||| ||und||
020 _a9780070616073
040 _coclc
082 _a512.72
_bBUR/E
100 _aBurton, David M
_93821
245 0 _aElementary Number Theory /
_cDavid M Burton
250 _a6th Ed.
260 _bTata Mcgrawhill Publishers,
_aNew Delhi:
_c2008.
300 _a434p
650 _aMathematics
942 _cBK
_2ddc
_h512.72
_iBUR/E
_k512.72
_mBUR/E
999 _c32198
_d32198